<?xml version="1.0" encoding="UTF-8"?>
<record
    xmlns:xsi="http://www.w3.org/2001/XMLSchema-instance"
    xsi:schemaLocation="http://www.loc.gov/MARC21/slim http://www.loc.gov/standards/marcxml/schema/MARC21slim.xsd"
    xmlns="http://www.loc.gov/MARC21/slim">

  <leader>01933nam a2200385 a 4500</leader>
  <controlfield tag="005">20240801134704.0</controlfield>
  <controlfield tag="008">100511t2009||||ag a   f |||| 00| 0 spa d</controlfield>
  <datafield tag="020" ind1=" " ind2=" ">
    <subfield code="a">9789500617017</subfield>
  </datafield>
  <datafield tag="041" ind1=" " ind2=" ">
    <subfield code="a">spa</subfield>
  </datafield>
  <datafield tag="092" ind1=" " ind2=" ">
    <subfield code="c">616.5</subfield>
    <subfield code="l">27</subfield>
    <subfield code="s">FIT</subfield>
  </datafield>
  <datafield tag="245" ind1=" " ind2=" ">
    <subfield code="a">Fitzpatrick. Dermatolog&#xED;a en Medicina General.</subfield>
    <subfield code="b">T.2 /</subfield>
    <subfield code="c">Klaus Wolff</subfield>
  </datafield>
  <datafield tag="250" ind1=" " ind2=" ">
    <subfield code="a">7a ed.</subfield>
    <subfield code="b">Traducci&#xF3;n Alvarez, J.P.; Carini, F.; Facorro, L.; Klajn, D.; Lopez, G.; Mezzano, G.; Rodriguez Chiapetta, F. y Taveira, J. </subfield>
  </datafield>
  <datafield tag="260" ind1=" " ind2=" ">
    <subfield code="a">Buenos Aires: </subfield>
    <subfield code="b">Editorial M&#xE9;dica Panamericana;</subfield>
    <subfield code="c">2009.</subfield>
  </datafield>
  <datafield tag="300" ind1=" " ind2=" ">
    <subfield code="a">687-1198 p.</subfield>
    <subfield code="b">il.</subfield>
    <subfield code="c">28x22 cm.</subfield>
  </datafield>
  <datafield tag="500" ind1=" " ind2=" ">
    <subfield code="a">Wolff, K. (Dir.). et al. (2009). Fitzpatrick. Dermatolog&#xED;a en medicina general. T.2 (7a ed.). Buenos Aires : Editorial M&#xE9;dica Panamericana. </subfield>
  </datafield>
  <datafield tag="590" ind1=" " ind2=" ">
    <subfield code="a">Donaci&#xF3;n Alvarez, Betsabe. Abril 2019</subfield>
  </datafield>
  <datafield tag="653" ind1=" " ind2=" ">
    <subfield code="a">Trastornos de los ap&#xE9;ndices de la piel. Trastornos de las gl&#xE1;ndulas seb&#xE1;ceas</subfield>
  </datafield>
  <datafield tag="653" ind1=" " ind2=" ">
    <subfield code="a">Trastornos de las gl&#xE1;ndulas ecrinas y apocrinas</subfield>
  </datafield>
  <datafield tag="653" ind1=" " ind2=" ">
    <subfield code="a">Trastorno del pelo y las u&#xF1;as</subfield>
  </datafield>
  <datafield tag="653" ind1=" " ind2=" ">
    <subfield code="a">Trastornos secundarios a factores ambientales. Trastornos secundarios a radiaci&#xF3;n ultravioleta</subfield>
  </datafield>
  <datafield tag="653" ind1=" " ind2=" ">
    <subfield code="a">Alteraciones de la piel debidas a los factores f&#xED;sicos y qu&#xED;micos</subfield>
  </datafield>
  <datafield tag="653" ind1=" " ind2=" ">
    <subfield code="a">Factores neurol&#xF3;gicos y psicol&#xF3;gicos en las enfermedades de la piel. Enfermedades neurocut&#xE1;neas y psicocut&#xE1;neas</subfield>
  </datafield>
  <datafield tag="653" ind1=" " ind2=" ">
    <subfield code="a">Cambios de la piel a lo largo de la vida. Desde el nacimiento hasta la vejez</subfield>
  </datafield>
  <datafield tag="653" ind1=" " ind2=" ">
    <subfield code="a">Neoplasias. Carcinog&#xE9;nesis</subfield>
  </datafield>
  <datafield tag="653" ind1=" " ind2=" ">
    <subfield code="a">Tumores de la epidermos y de los anexos cut&#xE1;neos</subfield>
  </datafield>
  <datafield tag="653" ind1=" " ind2=" ">
    <subfield code="a">Tumores melanoc&#xED;ticos </subfield>
  </datafield>
  <datafield tag="653" ind1=" " ind2=" ">
    <subfield code="a">Tumores e hiperplasias de la dermis y el tejido graso subcut&#xE1;neo</subfield>
  </datafield>
  <datafield tag="700" ind1="1" ind2=" ">
    <subfield code="a">Wolff, Klaus</subfield>
    <subfield code="e">Dir.</subfield>
    <subfield code="9">191</subfield>
  </datafield>
  <datafield tag="700" ind1="1" ind2=" ">
    <subfield code="a">Goldsmith, Lowell</subfield>
    <subfield code="e">Dir.</subfield>
    <subfield code="9">4036</subfield>
  </datafield>
  <datafield tag="700" ind1="1" ind2=" ">
    <subfield code="a">Katz, Stephen I.</subfield>
    <subfield code="e">Dir.</subfield>
    <subfield code="9">194</subfield>
  </datafield>
  <datafield tag="700" ind1="1" ind2=" ">
    <subfield code="a">Gilchrest, Barbara A.</subfield>
    <subfield code="e">Dir.</subfield>
    <subfield code="9">4037</subfield>
  </datafield>
  <datafield tag="700" ind1="1" ind2=" ">
    <subfield code="a">Paller, Amy S.</subfield>
    <subfield code="e">Dir.</subfield>
    <subfield code="9">4038</subfield>
  </datafield>
  <datafield tag="700" ind1="1" ind2=" ">
    <subfield code="a">Leffell, David J.</subfield>
    <subfield code="e">Dir.</subfield>
    <subfield code="9">4039</subfield>
  </datafield>
  <datafield tag="942" ind1=" " ind2=" ">
    <subfield code="2">ddc</subfield>
    <subfield code="c">BK</subfield>
  </datafield>
  <datafield tag="999" ind1=" " ind2=" ">
    <subfield code="c">2890</subfield>
    <subfield code="d">2890</subfield>
  </datafield>
  <datafield tag="952" ind1=" " ind2=" ">
    <subfield code="0">0</subfield>
    <subfield code="1">0</subfield>
    <subfield code="2">ddc</subfield>
    <subfield code="4">0</subfield>
    <subfield code="7">0</subfield>
    <subfield code="a">BFM</subfield>
    <subfield code="b">BFM</subfield>
    <subfield code="c">CR</subfield>
    <subfield code="d">2019-04-04</subfield>
    <subfield code="e">Donaci&#xF3;n Betsabe Alvarez, Abril 2019</subfield>
    <subfield code="l">4</subfield>
    <subfield code="m">2</subfield>
    <subfield code="o">616.5 27 FIT</subfield>
    <subfield code="p">4416</subfield>
    <subfield code="r">2023-11-13</subfield>
    <subfield code="s">2023-11-06</subfield>
    <subfield code="t">Ej.1</subfield>
    <subfield code="w">2019-04-04</subfield>
    <subfield code="y">BK</subfield>
    <subfield code="z">Donaci&#xF3;n Betsabe Alvarez, Abril 2019</subfield>
  </datafield>
</record>
